[Event "EU-ch Amateur U2300"]
[Site "Zagreb"]
[Date "2022.08.16"]
[Round "4"]
[White "Okrosa, Marijan"]
[Black "Lasic, Luka"]
[Result "1-0"]
[WhiteElo "2059"]
[BlackElo "2077"]
[PlyCount "69"]
[EventDate "2022.08.14"]
[EventType "swiss"]
[EventRounds "9"]
[EventCountry "CRO"]
[SourceTitle "CBM 210 Extra"]
[Source "ChessBase"]
[SourceDate "2022.11.30"]
[SourceVersion "1"]
[SourceVersionDate "2022.11.30"]
[SourceQuality "1"]

1. d4 Nf6 2. c4 c5 3. d5 b5 4. cxb5 a6 5. bxa6 Bxa6 6. Nc3 d6 7. f4 g6 8. Nf3 Bg7 9. e4 Bxf1 10. Rxf1 0-0 11. Kf2 e6 12. Re1 Qb6 13. h3 c4+ 14. Kg3 Na6 15. Kh2 Nc5 16. Be3 Qxb2 17. Bxc5 dxc5 18. Rc1 Nh5 19. Rc2 Qb4 20. Ne2 Ra3 21. Qc1 exd5 22. exd5 Ra4 23. Ne5 c3 24. Nxc3 Qxf4+ 25. Qxf4 Rxf4 26. Nb5 Re8 27. Rce2 Rf5 28. Nc6 Rxe2 29. Rxe2 Bf8 30. g4 Nf4 31. gxf5 Nxe2 32. f6 Bh6 33. d6 Bg5 34. Ne7+ Kf8 35. d7 1-0

[Event "EU-ch Amateur U2300"]
[Site "Zagreb"]
[Date "2022.08.15"]
[Round "2"]
[White "Okrosa, Marijan"]
[Black "Korov, Zvonko"]
[Result "0-1"]
[WhiteElo "2059"]
[BlackElo "2015"]
[PlyCount "78"]
[EventDate "2022.08.14"]
[EventType "swiss"]
[EventRounds "9"]
[EventCountry "CRO"]
[SourceTitle "CBM 210 Extra"]
[Source "ChessBase"]
[SourceDate "2022.11.30"]
[SourceVersion "1"]
[SourceVersionDate "2022.11.30"]
[SourceQuality "1"]

1. d4 Nf6 2. Nf3 e6 3. e3 b6 4. Bd3 Bb7 5. 0-0 Be7 6. c4 Ne4 7. Nfd2 f5 8. f3 Nxd2 9. Bxd2 0-0 10. e4 fxe4 11. fxe4 Nc6 12. Bc3 Nb4 13. Bxb4 Bxb4 14. a3 Be7 15. e5 Rxf1+ 16. Kxf1 Qf8+ 17. Kg1 Qf4 18. Bf1 Rf8 19. Nc3 Qf2+ 20. Kh1 Qxb2 21. Ne2 Be4 22. Ng3 Bg6 23. a4 a5 24. Be2 Bb4 25. h4 Bc3 26. Rc1 Bxd4 27. h5 Be3 28. hxg6 Qxc1 29. gxh7+ Kxh7 30. Qxc1 Bxc1 31. c5 Bf4 32. Ne4 bxc5 33. Nxc5 Rf7 34. Nb3 Bxe5 35. Nxa5 c6 36. Nc4 Bb8 37. a5 d5 38. Nb6 e5 39. a6 e4 0-1

[Event "CRO-chT3 Center-A"]
[Site "Zagreb"]
[Date "2011.04.10"]
[Round "6.62"]
[White "Zelic, Branko"]
[Black "Okrosa, Marijan"]
[Result "1-0"]
[WhiteElo "2348"]
[BlackElo "2116"]
[PlyCount "138"]
[EventDate "2011.03.13"]
[EventType "team-tourn"]
[EventRounds "11"]
[EventCountry "CRO"]
[SourceTitle "EXT 2014"]
[Source "ChessBase"]
[SourceDate "2013.11.20"]
[SourceVersion "1"]
[SourceVersionDate "2013.11.20"]
[SourceQuality "1"]

1. d4 d5 2. Nf3 e6 3. Bf4 Nf6 4. e3 Be7 5. Bd3 0-0 6. h3 b6 7. Ne5 Bb7 8. Nd2 Nbd7 9. Ng4 Ne4 10. 0-0 Bd6 11. f3 Bxf4 12. fxe4 dxe4 13. Nxe4 Bg5 14. Qe2 f5 15. Nxg5 Qxg5 16. Nh2 e5 17. Bb5 c6 18. Bxc6 Bxc6 19. Qc4+ Kh8 20. Qxc6 Qxe3+ 21. Kh1 Nf6 22. Rae1 Qxd4 23. Rxf5 Rac8 24. Qf3 e4 25. Qa3 Rfd8 26. Ng4 Nxg4 27. hxg4 e3 28. Rxe3 Qxg4 29. Rf1 h6 30. Rg3 Qe2 31. Rff3 Rc5 32. Qe3 Qxe3 33. Rxe3 Rxc2 34. Re7 Rxb2 35. Rgxg7 Rxa2 36. Rh7+ Kg8 37. Reg7+ Kf8 38. Rb7 Kg8 39. Rxh6 Ra5 40. Rg6+ Kf8 41. Kh2 Rd3 42. Rf6+ Kg8 43. Rg6+ Kf8 44. g3 Rh5+ 45. Kg2 Ra5 46. Kh3 Rd1 47. Rc6 Rd8 48. g4 Rc5 49. Rf6+ Kg8 50. Kh4 Rd1 51. Rg6+ Kf8 52. Rxa7 Rh1+ 53. Kg3 Rg1+ 54. Kf2 Rb1 55. Rf6+ Kg8 56. Rd6 Rc2+ 57. Kg3 Rc8 58. Kh4 b5 59. Kh5 Rbc1 60. g5 R8c7 61. Rg6+ Kh8 62. Ra2 R7c4 63. Rh6+ Kg7 64. Ra7+ Rc7 65. Raa6 b4 66. Rag6+ Kf7 67. Rh7+ Kf8 68. Rh8+ Kf7 69. Rgg8 R7c4 1-0

[Event "CRO-chT3 Center-A"]
[Site "Zagreb"]
[Date "2011.04.03"]
[Round "5.12"]
[White "Markovic, Vjeran"]
[Black "Okrosa, Marijan"]
[Result "1-0"]
[WhiteElo "2187"]
[BlackElo "2116"]
[PlyCount "139"]
[EventDate "2011.03.13"]
[EventType "team-tourn"]
[EventRounds "11"]
[EventCountry "CRO"]
[SourceTitle "EXT 2014"]
[Source "ChessBase"]
[SourceDate "2013.11.20"]
[SourceVersion "1"]
[SourceVersionDate "2013.11.20"]
[SourceQuality "1"]

1. d4 d5 2. Nf3 e6 3. c4 c6 4. g3 Nf6 5. Bg2 dxc4 6. 0-0 Be7 7. Qc2 b5 8. a4 Bb7 9. e4 0-0 10. Rd1 Nbd7 11. Nc3 a6 12. Be3 Re8 13. h3 Qc8 14. g4 b4 15. Ne2 c5 16. Nd2 c3 17. bxc3 cxd4 18. Bxd4 e5 19. Be3 Qc7 20. Qb2 bxc3 21. Qxc3 Qxc3 22. Nxc3 Bc5 23. Nc4 Bxe3 24. Nxe3 Nc5 25. f3 Red8 26. Bf1 Ne6 27. Rab1 Bc6 28. Rxd8+ Nxd8 29. Bc4 Nd7 30. Nf5 Rb8 31. Ne7+ Kf8 32. Nxc6 Rxb1+ 33. Nxb1 Nxc6 34. Bxa6 Nd4 35. Kf2 Ke7 36. Nd2 Kd6 37. Bc4 f6 38. h4 g5 39. h5 h6 40. Bf7 Nc5 41. a5 Nd3+ 42. Ke3 Nb4 43. Nc4+ Kc5 44. Nb6 Ndc6 45. Bd5 Nxd5+ 46. Nxd5 Nxa5 47. Nxf6 Kd6 48. Ng8 Ke6 49. Nxh6 Kf6 50. Nf5 Nc6 51. Kd3 Nd8 52. Ne3 Ne6 53. Nd5+ Kg7 54. Nb6 Nd4 55. Ke3 Kf7 56. Nd7 Nc6 57. Kd3 Ke6 58. Nc5+ Kf7 59. Nb3 Ke6 60. Kc4 Kd6 61. h6 Ne7 62. h7 Ng6 63. Nc5 Kc6 64. Ne6 Kd6 65. Nxg5 Ke7 66. Kd5 Kf6 67. Ne6 Ne7+ 68. Kd6 Ng6 69. Nf8 Nh8 70. Nd7+ 1-0

[Event "CRO-chT3A Center"]
[Site "Zagreb"]
[Date "2010.10.17"]
[Round "7.12"]
[White "Balenovic, Zvonimir"]
[Black "Okrosa, Marijan"]
[Result "1/2-1/2"]
[WhiteElo "2178"]
[BlackElo "2095"]
[PlyCount "157"]
[EventDate "2010.03.21"]
[EventType "team-tourn"]
[EventRounds "11"]
[EventCountry "CRO"]
[SourceTitle "EXT 2012"]
[Source "ChessBase"]
[SourceDate "2011.11.24"]
[SourceVersion "1"]
[SourceVersionDate "2011.11.24"]
[SourceQuality "1"]

1. e4 e6 2. d4 d5 3. e5 c5 4. c3 Ne7 5. Nf3 Nec6 6. Be2 Nd7 7. 0-0 Be7 8. Re1 0-0 9. a3 a5 10. Bd3 f6 11. exf6 Nxf6 12. Nbd2 cxd4 13. cxd4 Qb6 14. Nb1 Kh8 15. Bc2 e5 16. Nxe5 Nxe5 17. Rxe5 Bd6 18. Re2 Bg4 19. f3 Bh5 20. Nc3 Rae8 21. Rb1 Rxe2 22. Nxe2 Qc7 23. h3 Qc8 24. Bf4 Ne8 25. Bxd6 Nxd6 26. Nc3 Nc4 27. Qd3 Bg6 28. Qe2 Re8 29. Qf2 Bxc2 30. Qxc2 Qe6 31. Qd3 Qd6 32. Qf5 Ne3 33. Qh5 g6 34. Qg5 Nf5 35. Rd1 h6 36. Qd2 Kg7 37. Nb5 Qg3 38. Qf2 Qf4 39. Re1 Rxe1+ 40. Qxe1 Kf7 41. Qc3 Kf6 42. Nc7 Ne7 43. Nb5 Nf5 44. a4 h5 45. Qc7 Qe3+ 46. Kh2 Nxd4 47. Qb6+ Ke5 48. Qd6+ Kf5 49. Qxd5+ Qe5+ 50. Qxe5+ Kxe5 51. Nxd4 Kxd4 52. Kg3 Kc4 53. Kf4 Kb4 54. Kg5 Kxa4 55. Kxg6 Kb3 56. f4 Kxb2 57. f5 a4 58. f6 a3 59. f7 a2 60. f8Q a1Q 61. Qg7+ Ka2 62. Qxb7 Qe5 63. Qf7+ Ka3 64. Qf3+ Ka2 65. Qxh5 Qe4+ 66. Kh6 Qxg2 67. Qg4 Qd5 68. Kg6 Qd3+ 69. Kf6 Qd8+ 70. Ke5 Qc7+ 71. Ke4 Qc4+ 72. Kf3 Qf1+ 73. Kg3 Qg1+ 74. Kh4 Qe1+ 75. Qg3 Qe4+ 76. Kg5 Qe7+ 77. Kg4 Qe4+ 78. Qf4 Qg2+ 79. Kh4 1/2-1/2

[Event "CRO-chT3A Center"]
[Site "Zagreb"]
[Date "2010.04.25"]
[Round "6.63"]
[White "Mikec, Darko"]
[Black "Okrosa, Marijan"]
[Result "0-1"]
[WhiteElo "2145"]
[BlackElo "2095"]
[PlyCount "106"]
[EventDate "2010.03.21"]
[EventType "team-tourn"]
[EventRounds "11"]
[EventCountry "CRO"]
[SourceTitle "EXT 2012"]
[Source "ChessBase"]
[SourceDate "2011.11.24"]
[SourceVersion "1"]
[SourceVersionDate "2011.11.24"]
[SourceQuality "1"]

1. e4 e6 2. d4 d5 3. Nc3 Nf6 4. e5 Nfd7 5. Nce2 c5 6. c3 Nc6 7. f4 Qb6 8. Nf3 Be7 9. Qc2 cxd4 10. cxd4 f6 11. Bd2 0-0 12. Bc3 a5 13. a3 fxe5 14. fxe5 a4 15. Ng3 Rxf3 16. gxf3 Nxd4 17. Bxd4 Qxd4 18. Qc3 Nxe5 19. Rc1 Bg5 20. Be2 Qf4 21. Rd1 Bd7 22. Rd4 Qe3 23. Qxe3 Bxe3 24. Rb4 b6 25. Kf1 Bc5 26. Rh4 Rf8 27. Kg2 Ng6 28. Rg4 e5 29. Rxg6 hxg6 30. Rd1 Bc6 31. Bd3 Bd4 32. Rd2 Rf6 33. Re2 Kf7 34. Rc2 Ke7 35. Ne2 Be3 36. Ng3 Kd6 37. Re2 Bf4 38. Nf1 g5 39. Ng3 Bxg3 40. hxg3 g4 41. fxg4 e4 42. Bc2 Ke5 43. g5 Rf7 44. Kh3 Bd7+ 45. Kg2 Bg4 46. Re1 Bd7 47. b3 axb3 48. Bxb3 Bb5 49. Bc2 Rc7 50. Bb1 Rc3 51. Kh3 Rxa3 52. Kh4 Bd3 53. Kh5 Ra1 0-1

[Event "CRO-chT3A Center"]
[Site "Zagreb"]
[Date "2010.04.11"]
[Round "3.35"]
[White "Okrosa, Marijan"]
[Black "Koporcic, Branko"]
[Result "1-0"]
[WhiteElo "2095"]
[BlackElo "2059"]
[PlyCount "67"]
[EventDate "2010.03.21"]
[EventType "team-tourn"]
[EventRounds "11"]
[EventCountry "CRO"]
[SourceTitle "EXT 2012"]
[Source "ChessBase"]
[SourceDate "2011.11.24"]
[SourceVersion "1"]
[SourceVersionDate "2011.11.24"]
[SourceQuality "1"]

1. d4 d5 2. Nf3 Nf6 3. c4 c6 4. Nc3 e6 5. e3 Nbd7 6. Qc2 Bd6 7. g4 Nxg4 8. Rg1 Nxh2 9. Nxh2 Bxh2 10. Rxg7 Nf8 11. Rg2 Bd6 12. Bd2 Ng6 13. 0-0-0 Nh4 14. e4 Nxg2 15. Bxg2 Bb4 16. cxd5 Bxc3 17. bxc3 h5 18. dxe6 Bxe6 19. d5 Bd7 20. e5 Qe7 21. d6 Qe6 22. Bg5 h4 23. Bf6 Rh6 24. Qd2 Rxf6 25. exf6 Qxf6 26. Qe3+ Be6 27. d7+ Kd8 28. Qc5 Qf4+ 29. Rd2 Kc7 30. Qa5+ b6 31. d8Q+ Rxd8 32. Qxa7+ Kc8 33. Qa8+ Kc7 34. Qxc6+ 1-0

[Event "CRO-chT3"]
[Site "Zagreb"]
[Date "2009.04.26"]
[Round "6"]
[White "Okrosa, Marijan"]
[Black "Bockaj, Ivan"]
[Result "1-0"]
[WhiteElo "2079"]
[BlackElo "1960"]
[PlyCount "71"]
[EventDate "2009.03.08"]
[EventType "team-tourn"]
[EventRounds "9"]
[EventCountry "CRO"]
[SourceTitle "EXT 2011"]
[Source "ChessBase"]
[SourceDate "2010.11.26"]
[SourceVersion "1"]
[SourceVersionDate "2010.11.26"]
[SourceQuality "1"]

1. d4 d5 2. c4 c6 3. Nf3 Nf6 4. Nc3 a6 5. c5 Bf5 6. Bf4 Nbd7 7. h3 Qa5 8. Qd2 e6 9. e3 Be7 10. Be2 0-0 11. 0-0 Qd8 12. Bd3 Ne4 13. Qc2 Nxc3 14. Bxf5 exf5 15. bxc3 g6 16. Rab1 Qc8 17. Qb3 Ra7 18. Nd2 Rd8 19. c4 g5 20. Bh2 Nf6 21. cxd5 Nxd5 22. Nc4 Rd7 23. f3 Qd8 24. Ne5 Bf6 25. Nxd7 Qxd7 26. Kh1 Bd8 27. e4 Nf6 28. Bb8 Ra8 29. Qxb7 Qxb7 30. Rxb7 f4 31. Be5 Nh5 32. Rfb1 Kf8 33. Rb8 Rxb8 34. Rxb8 Ke7 35. d5 f6 36. Bd6+ 1-0

[Event "CRO-chT U20 18th"]
[Site "Sv Filip i Jakov"]
[Date "2009.04.16"]
[Round "5"]
[White "Okrosa, Marijan"]
[Black "Rubil, Marko"]
[Result "0-1"]
[WhiteElo "2079"]
[BlackElo "2060"]
[PlyCount "100"]
[EventDate "2009.04.14"]
[EventType "team-tourn"]
[EventRounds "11"]
[EventCountry "CRO"]
[SourceTitle "CBM 129 Extra"]
[Source "ChessBase"]
[SourceDate "2009.05.05"]
[SourceVersion "2"]
[SourceVersionDate "2009.05.20"]
[SourceQuality "1"]

1. d4 d5 2. c4 dxc4 3. Nf3 Nf6 4. e3 e6 5. Bxc4 c5 6. Nc3 a6 7. a4 Nc6 8. 0-0 Qc7 9. Qe2 Bd6 10. Rd1 0-0 11. h3 b6 12. dxc5 Bxc5 13. e4 Bd6 14. Rxd6 Qxd6 15. e5 Nxe5 16. Nxe5 Bb7 17. Bf4 Qd4 18. Bg3 Rfe8 19. Rd1 Qc5 20. Bd3 Rad8 21. Bh4 Rd4 22. Bxf6 gxf6 23. Bxh7+ Kg7 24. Nd3 Qc4 25. Qc2 Red8 26. Ne1 f5 27. Rxd4 Qxd4 28. Bxf5 exf5 29. Qxf5 Rd6 30. Nf3 Qf6 31. Qxf6+ Kxf6 32. Nh2 Rd2 33. Ng4+ Ke6 34. h4 Rxb2 35. h5 Rc2 36. Nd1 Rc1 37. Nge3 Kf6 38. f4 Bc6 39. Kh2 Bxa4 40. Nf2 Bd7 41. g4 Kg7 42. g5 Rc3 43. Nd5 Rc2 44. h6+ Kh8 45. Kg3 Bf5 46. Ne7 Rc3+ 47. Kg2 Rc5 48. Nd1 Be4+ 49. Kg3 Rc7 50. g6 fxg6 0-1

[Event "CRO-chT U20 18th"]
[Site "Sv Filip i Jakov"]
[Date "2009.04.14"]
[Round "2"]
[White "Plenca, Julian"]
[Black "Okrosa, Marijan"]
[Result "1-0"]
[WhiteElo "2248"]
[BlackElo "2079"]
[PlyCount "65"]
[EventDate "2009.04.14"]
[EventType "team-tourn"]
[EventRounds "11"]
[EventCountry "CRO"]
[SourceTitle "CBM 129 Extra"]
[Source "ChessBase"]
[SourceDate "2009.05.05"]
[SourceVersion "2"]
[SourceVersionDate "2009.05.20"]
[SourceQuality "1"]

1. e4 e6 2. Nf3 d5 3. Nc3 Nf6 4. e5 Nfd7 5. d4 c5 6. dxc5 Nc6 7. Bf4 Bxc5 8. Bd3 a6 9. 0-0 b5 10. Re1 Nb6 11. Bg3 Bb7 12. Ne2 Nc4 13. Rb1 b4 14. c3 a5 15. Nf4 a4 16. Nh5 0-0 17. Bh4 Be7 18. Bxe7 Qxe7 19. Qc2 h6 20. Bxc4 dxc4 21. Qe4 Na5 22. Qg4 g6 23. Nf6+ Kg7 24. Qh4 Rh8 25. Rbd1 Rhd8 26. Nd4 b3 27. a3 Bd5 28. Re3 Nb7 29. Rh3 Rh8 30. f4 Nc5 31. Qg4 Ne4 32. Nxd5 exd5 33. Nf5+ 1-0

[Event "Velika Gorica op 8th"]
[Site "Velika Gorica"]
[Date "2008.08.30"]
[Round "9"]
[White "Peric, Davor"]
[Black "Okrosa, Marijan"]
[Result "1-0"]
[WhiteElo "1967"]
[BlackElo "2090"]
[PlyCount "79"]
[EventDate "2008.08.23"]
[EventType "swiss"]
[EventRounds "9"]
[EventCountry "CRO"]
[SourceTitle "CBM 126 Extra"]
[Source "ChessBase"]
[SourceDate "2008.11.05"]
[SourceVersion "1"]
[SourceVersionDate "2008.11.05"]
[SourceQuality "1"]

1. d4 d5 2. c4 e6 3. Nf3 c6 4. Nbd2 Nf6 5. Qc2 Nbd7 6. e3 Bd6 7. Bd3 0-0 8. b3 Qe7 9. 0-0 h6 10. Bb2 c5 11. Rac1 b6 12. Ne5 Bb7 13. Rfe1 Bxe5 14. dxe5 Ng4 15. f4 h5 16. h3 Nh6 17. Nf3 dxc4 18. Bxc4 a6 19. Qf2 b5 20. Bd3 Rfc8 21. e4 g6 22. Ng5 Rc7 23. Qg3 Nf8 24. f5 Rac8 25. fxe6 Nxe6 26. Nxe6 Qxe6 27. Rf1 Rc6 28. Rf6 Qe7 29. Qg5 Kh7 30. Rcf1 c4 31. Bc1 cxd3 32. Qxh6+ Kg8 33. Rxf7 Qxf7 34. Rxf7 Kxf7 35. Qh7+ Ke6 36. Qxg6+ Kxe5 37. Bb2+ Kf4 38. Qf5+ Ke3 39. Qf2+ Kxe4 40. Qf3# 1-0

[Event "Velika Gorica op 8th"]
[Site "Velika Gorica"]
[Date "2008.08.24"]
[Round "3"]
[White "Cupic, Lovro"]
[Black "Okrosa, Marijan"]
[Result "0-1"]
[WhiteElo "1958"]
[BlackElo "2090"]
[PlyCount "42"]
[EventDate "2008.08.23"]
[EventType "swiss"]
[EventRounds "9"]
[EventCountry "CRO"]
[SourceTitle "CBM 126 Extra"]
[Source "ChessBase"]
[SourceDate "2008.11.05"]
[SourceVersion "1"]
[SourceVersionDate "2008.11.05"]
[SourceQuality "1"]

1. e4 e6 2. d4 d5 3. Nd2 Nc6 4. Ngf3 Nf6 5. e5 Nd7 6. c3 f6 7. exf6 Qxf6 8. Bd3 e5 9. dxe5 Ndxe5 10. Nxe5 Nxe5 11. Be2 Bd6 12. Nb3 c6 13. Be3 0-0 14. Qd4 Bf5 15. 0-0 Qg6 16. Qh4 Be4 17. Qg5 Qe8 18. Nc5 Rf5 19. Qh4 Ng6 20. Qg4 h5 21. Nxe4 Bxh2+ 0-1

[Event "CRO-ch U19"]
[Site "Bjelolasica"]
[Date "2008.07.22"]
[Round "4"]
[White "Saric, Ivan"]
[Black "Okrosa, Marijan"]
[Result "1-0"]
[WhiteElo "2511"]
[BlackElo "2090"]
[PlyCount "161"]
[EventDate "2008.07.20"]
[EventType "swiss"]
[EventRounds "9"]
[EventCountry "CRO"]
[SourceTitle "CBM 125 Extra"]
[Source "ChessBase"]
[SourceDate "2008.09.01"]
[SourceVersion "1"]
[SourceVersionDate "2008.09.01"]
[SourceQuality "1"]

1. e4 e6 2. d4 d5 3. Nc3 Nf6 4. e5 Nfd7 5. f4 c5 6. Nf3 Nc6 7. Be3 Qb6 8. Na4 Qa5+ 9. c3 cxd4 10. b4 Nxb4 11. cxb4 Bxb4+ 12. Bd2 Bxd2+ 13. Nxd2 0-0 14. Bd3 b5 15. Nb2 Nb6 16. Ke2 Nc4 17. Qc2 Qc3 18. Nd1 Qa3 19. Nf3 g6 20. Nxd4 Bd7 21. Qc3 Qe7 22. Bxc4 Rac8 23. Ne3 dxc4 24. Rab1 Qc5 25. Rhd1 Rfd8 26. Ndc2 Qe7 27. g3 Bc6 28. Rd4 Rxd4 29. Nxd4 Qc5 30. Nxc6 Qxc6 31. Rd1 Qc7 32. a3 a5 33. Nc2 Rd8 34. Rxd8+ Qxd8 35. h4 Kg7 36. Ne3 Qa8 37. a4 b4 38. Qxc4 Qh1 39. Qb5 Qh2+ 40. Kd3 Qxg3 41. Qxa5 Qe1 42. Qb5 Qc3+ 43. Ke2 b3 44. a5 b2 45. a6 Qa3 46. a7 Qa2 47. Kf3 h5 48. Qxb2 Qxb2 49. a8Q Qh2 50. Qd8 Qh1+ 51. Kf2 Qe4 52. Qf6+ Kg8 53. Ke2 Qd4 54. Kf3 Qd3 55. Qg5 Qc3 56. Qg1 Qc6+ 57. Kg3 Qe4 58. Ng2 Qf5 59. Qe3 Qg4+ 60. Kf2 Kg7 61. Qf3 Qf5 62. Ne1 Qb1 63. Qe3 Qb2+ 64. Kg3 Qb1 65. Nf3 Qf5 66. Qd2 Qg4+ 67. Kf2 Qf5 68. Ke3 Qh3 69. Qd7 Qg3 70. Qd8 Qh3 71. Qf6+ Kg8 72. f5 exf5 73. e6 f4+ 74. Ke4 Qxe6+ 75. Qxe6 fxe6 76. Kxf4 Kh7 77. Ng5+ Kg7 78. Ke5 Kh6 79. Kf6 e5 80. Kf7 e4 81. Kg8 1-0

[Event "CRO-chT3"]
[Site "Zagreb"]
[Date "2008.04.13"]
[Round "3"]
[White "Brankovic, Ljubomir"]
[Black "Okrosa, Marijan"]
[Result "1-0"]
[WhiteElo "1968"]
[BlackElo "2101"]
[PlyCount "57"]
[EventDate "2008.03.30"]
[EventType "team-tourn"]
[EventRounds "9"]
[EventCountry "CRO"]
[SourceTitle "EXT 2011"]
[Source "ChessBase"]
[SourceDate "2010.11.26"]
[SourceVersion "1"]
[SourceVersionDate "2010.11.26"]
[SourceQuality "1"]

1. e4 e6 2. d4 d5 3. Nd2 Nc6 4. c3 dxe4 5. Nxe4 Qd5 6. Qd3 e5 7. dxe5 Qxd3 8. Bxd3 Nxe5 9. Bc2 Ne7 10. Ne2 Bd7 11. f4 N5g6 12. 0-0 h6 13. Be3 Nd5 14. Bd4 b6 15. f5 Nh4 16. Bb3 c6 17. c4 Nc7 18. N2g3 0-0-0 19. Rad1 Na6 20. Rf4 c5 21. Bc3 Be7 22. Bxg7 Bg5 23. Rxh4 Bxh4 24. Nd6+ Kc7 25. Nxf7 Rh7 26. Be5+ Kc6 27. Ba4+ Kb7 28. Nxd8+ Bxd8 29. Rxd7+ 1-0

[Event "EU-ch U18 17th"]
[Site "Sibenik"]
[Date "2007.09.17"]
[Round "4"]
[White "Ertan, Can"]
[Black "Okrosa, Marijan"]
[Result "1-0"]
[WhiteElo "1965"]
[BlackElo "2012"]
[PlyCount "131"]
[EventDate "2007.09.14"]
[EventType "swiss"]
[EventRounds "9"]
[EventCountry "CRO"]
[SourceTitle "CBM 120 Extra"]
[Source "ChessBase"]
[SourceDate "2007.11.01"]
[SourceVersion "1"]
[SourceVersionDate "2007.11.01"]
[SourceQuality "1"]

1. e4 e6 2. d4 d5 3. Nc3 h6 4. Bd3 Nc6 5. Nf3 Nb4 6. 0-0 Nxd3 7. Qxd3 dxe4 8. Nxe4 Nf6 9. Ne5 Be7 10. f4 0-0 11. Nxf6+ Bxf6 12. c3 Qd5 13. Qg3 Kh8 14. Qh3 Kh7 15. Ng4 Qf5 16. Nxf6+ Qxf6 17. Be3 b6 18. Rae1 Bb7 19. f5 Rae8 20. Bf4 Ba6 21. Be5 Qg5 22. Re3 f6 23. Rg3 Qd2 24. Qg4 Re7 25. Bf4 Qc2 26. Re1 exf5 27. Qg6+ Kh8 28. Rc1 Qxb2 29. Bxh6 Kg8 30. h3 Rff7 31. Kh2 Qf2 32. Rf3 Qxa2 33. Bf4 Bb7 34. Rg3 Qf2 35. Qxf5 g5 36. Rc2 Qe1 37. Bd2 Qb1 38. Re3 Be4 39. Qc8+ Rf8 40. Rc1 Rxc8 41. Rxb1 Rce8 42. Rf1 Kf7 43. Rg3 Kg6 44. h4 Rh7 45. Bxg5 f5 46. Bf4+ Kf6 47. Kg1 Ke6 48. c4 a5 49. h5 Rxh5 50. Bxc7 Rc8 51. d5+ Kf7 52. d6 Bc6 53. Re1 Re8 54. Rxe8 Kxe8 55. Rg7 Rh4 56. Re7+ Kf8 57. d7 Bxd7 58. Rxd7 Rxc4 59. Bxb6 a4 60. Rd4 Rc1+ 61. Kh2 Ra1 62. Rf4 a3 63. Rxf5+ Kg8 64. Ra5 a2 65. Bd4 Rd1 66. Bb2 1-0

[Event "Velika Gorica op 7th"]
[Site "Velika Gorica"]
[Date "2007.08.24"]
[Round "8"]
[White "Starcevic, Kresimir"]
[Black "Okrosa, Marijan"]
[Result "0-1"]
[WhiteElo "2115"]
[BlackElo "2012"]
[PlyCount "94"]
[EventDate "2007.08.18"]
[EventType "swiss"]
[EventRounds "9"]
[EventCountry "CRO"]
[SourceTitle "CBM 120 Extra"]
[Source "ChessBase"]
[SourceDate "2007.11.01"]
[SourceVersion "1"]
[SourceVersionDate "2007.11.01"]
[SourceQuality "1"]

1. e4 e6 2. d4 d5 3. Nd2 Nc6 4. c3 dxe4 5. Nxe4 Qd5 6. Ng3 e5 7. Qe2 Be6 8. dxe5 0-0-0 9. Bf4 f6 10. Qb5 Bc5 11. b4 g5 12. Be3 Bxe3 13. Qxd5 Bxd5 14. fxe3 Nxe5 15. Nf3 Nxf3+ 16. gxf3 Bxf3 17. Rg1 Ne7 18. Ne2 Rd3 19. Nd4 Rxe3+ 20. Kf2 Rxc3 21. Nxf3 Rc2+ 22. Be2 Nd5 23. Rgc1 Rb2 24. Rab1 Rxb4 25. Rxb4 Nxb4 26. a3 Nd5 27. Nd4 Re8 28. Bg4+ Kb8 29. Bf3 Re5 30. Rb1 Ka8 31. a4 c6 32. a5 a6 33. h3 Ne7 34. Re1 Rxe1 35. Kxe1 Kb8 36. Kd2 Ng6 37. Kc3 Nf4 38. Kc4 Kc7 39. Be4 Nxh3 40. Kc5 Nf4 41. Bxh7 g4 42. Nf5 Ne2 43. Ng7 g3 44. Bf5 g2 45. Ne6+ Kb8 46. Kb6 g1Q+ 47. Nc5 Nc3 0-1

[Event "Velika Gorica op 7th"]
[Site "Velika Gorica"]
[Date "2007.08.22"]
[Round "6"]
[White "Margitic, Zdravko"]
[Black "Okrosa, Marijan"]
[Result "1/2-1/2"]
[WhiteElo "2178"]
[BlackElo "2012"]
[PlyCount "127"]
[EventDate "2007.08.18"]
[EventType "swiss"]
[EventRounds "9"]
[EventCountry "CRO"]
[SourceTitle "CBM 120 Extra"]
[Source "ChessBase"]
[SourceDate "2007.11.01"]
[SourceVersion "1"]
[SourceVersionDate "2007.11.01"]
[SourceQuality "1"]

1. e4 e6 2. d4 d5 3. e5 c5 4. c3 Ne7 5. Na3 Nec6 6. Nc2 Nd7 7. b3 Be7 8. Bd3 0-0 9. Qh5 g6 10. Qh6 cxd4 11. cxd4 Qe8 12. Nf3 f6 13. h4 fxe5 14. Ng5 Bxg5 15. hxg5 Qf7 16. Qh4 Nxd4 17. Nxd4 exd4 18. Ba3 Re8 19. 0-0-0 e5 20. Rh2 e4 21. Bb5 a6 22. Bxd7 Bxd7 23. Rdh1 Rac8+ 24. Kb1 Bf5 25. Ka1 Rc7 26. Bb2 Qg7 27. Qf4 Qe5 28. Qxe5 Rxe5 29. Bxd4 Re6 30. Re1 Rec6 31. Be3 Rc2 32. Rd1 Be6 33. Rhh1 R7c6 34. Rhf1 a5 35. Kb1 a4 36. Rd4 axb3 37. axb3 R2c3 38. Rb4 d4 39. Bxd4 Rxb3+ 40. Rxb3 Bxb3 41. Kb2 Bc4 42. Re1 Bd3 43. g3 Rc4 44. Be3 Kf7 45. Rh1 Kg8 46. Ra1 Rb4+ 47. Kc3 Rc4+ 48. Kb3 b5 49. Ra8+ Kf7 50. Rh8 Kg7 51. Rd8 Rc7 52. Bf4 Rb7 53. Kb4 Kf7 54. f3 Ke6 55. Rd6+ Ke7 56. Rd5 Kf7 57. Rd4 Re7 58. Be3 Kg8 59. Rd8+ Kf7 60. Bc5 Rb7 61. Rd4 Ke6 62. fxe4 Rd7 63. Kc3 Rxd4 64. Kxd4 1/2-1/2

[Event "Velika Gorica op 7th"]
[Site "Velika Gorica"]
[Date "2007.08.21"]
[Round "5"]
[White "Jerkovic, Ivan"]
[Black "Okrosa, Marijan"]
[Result "0-1"]
[WhiteElo "2183"]
[BlackElo "2012"]
[PlyCount "76"]
[EventDate "2007.08.18"]
[EventType "swiss"]
[EventRounds "9"]
[EventCountry "CRO"]
[SourceTitle "CBM 120 Extra"]
[Source "ChessBase"]
[SourceDate "2007.11.01"]
[SourceVersion "1"]
[SourceVersionDate "2007.11.01"]
[SourceQuality "1"]

1. e4 e6 2. d4 d5 3. Nd2 Nc6 4. Ngf3 Nf6 5. e5 Nd7 6. Be2 Be7 7. Nf1 0-0 8. Ne3 f6 9. exf6 Nxf6 10. 0-0 Bd6 11. c4 b6 12. b3 Ne7 13. Bb2 Bb7 14. Qc2 Ne4 15. Ng4 Ng6 16. Nge5 Nf4 17. Rfe1 Bxe5 18. dxe5 dxc4 19. Bxc4 Ng5 20. Nxg5 Qxg5 21. f3 Bxf3 22. Bf1 Nh3+ 23. Kh1 Bd5 24. Bc1 Rf2 25. Bxg5 Rxc2 26. Be3 Rf8 27. Be2 Nf2+ 28. Bxf2 Rxf2 29. Bf3 Bxf3 30. gxf3 Rxh2+ 31. Kg1 Rxa2 32. Rxa2 Rxa2 33. Rd1 Rc2 34. Rd3 a5 35. Kf1 Kf8 36. Ke1 Ke8 37. Kd1 Rc5 38. f4 Rd5 0-1